Statistics for Top 50 most populous cities in the world (of 2010)

Click here to take the quiz!

General Stats

  • This quiz has been taken 37 times
  • The average score is 39 of 50

Answer Stats

CountryRankAnswer% Correct
Japan1Tokyo
100%
China10Beijing
97%
India2Delhi
97%
Mexico3Mexico City
97%
United States8New York City
97%
Egypt9Cairo
94%
Turkey15Istanbul
94%
China4Shanghai
94%
Argentina13Buenos Aires
91%
Indonesia26Jakarta
91%
United States17Los Angeles
91%
Russia19Moscow
91%
India7Mumbai
91%
Japan6Osaka
91%
France22Paris
91%
Brazil5Sao Paulo
91%
United States32Chicago
88%
United Kingdom25London
88%
Brazil16Rio de Janeiro
88%
South Korea24Seoul
88%
Iraq50Baghdad
85%
Thailand36Bangkok
85%
Vietnam48Ho Chi Minh City
85%
South Africa38Johannesburg
85%
Nigeria21Lagos
85%
Peru31Lima
85%
Philippines18Manila
85%
China27Guangzhou
82%
Colombia34Bogota
79%
Bangladesh11Dhaka
79%
Pakistan14Karachi
79%
Iran37Tehran
79%
China43Hong Kong
76%
India35Bangalore
71%
Democratic Republic of the Congo29Kinshasa
71%
Pakistan41Lahore
71%
China40Wuhan
71%
India33Chennai
65%
India39Hyderabad
65%
China23Shenzhen
65%
China46Chengdu
62%
Japan30Nagoya
62%
Chile45Santiago
62%
China28Tianjin
62%
India47Ahmedabad
59%
China20Chongqing
50%
India12Calcutta
47%
China49Nanjing
47%
China42Dongguan
18%
China44Foshan
15%

Score Distribution

Percentile by Number Answered

Percent of People with Each Score

Your Score History

You have not taken this quiz